|
|
|
|
| LEADER |
00000nam a22000007a 4500 |
| 005 |
20170523122520.0 |
| 007 |
cr|||| |||| |
| 008 |
170523c19uu9999cl fr|| s|||| 0|||b1spa d |
| 022 |
|
|
|a 0717-1544
|
| 035 |
|
|
|a 14535
|
| 040 |
|
|
|a vLex
|
| 090 |
|
|
|c 6684
|d 6684
|
| 245 |
0 |
0 |
|a Serie Informe Legislativo
|h [Recurso electrn̤ico]
|
| 256 |
|
|
|a Servicio en ln̕ea
|
| 260 |
|
|
|a Santiago de Chile :
|b Fundacin̤ Libertad y Desarrollo.
|
| 300 |
|
|
|a 1 recurso electrn̤ico
|
| 506 |
0 |
|
|a Contenido disponible en los productos indicados
|d vLex Global
|d vLex Global (Academic Edition, excluding Law Schools)
|d vLex Global (U.S. Academic Edition, Law Schools)
|d vLex Global (U.S. Academic Edition, excluding Law Schools)
|d vLex Global (Academic Edition, Law Schools)
|
| 650 |
0 |
4 |
|a Derecho civil
|z Chile
|
| 650 |
0 |
4 |
|a Derecho pb︢lico administrativo
|z Chile
|
| 650 |
0 |
4 |
|a Derecho laboral
|z Chile
|
| 740 |
0 |
|
|a vLex Revistas (Servicio en ln̕ea)
|
| 856 |
4 |
0 |
|u http://vlex.com/source/14535
|z Acceso restringido
|
| 942 |
|
|
|c REV
|
| 999 |
0 |
|
|a Civil law
|
| 999 |
0 |
|
|a Public law
|
| 999 |
0 |
|
|a Labor laws and legislation
|